000 00556nam a22001577a 4500
005 20120618131813.0
020 _c00
035 _aB-158710
037 _aDPL
_bENG
100 _aSingh, Yogesh Kumar
_949276
245 _aPsychology in education /
_cby Yogesh Kumar Singh
260 _aNew Delhi
_bAPH Publishing Corporation
_c2005
300 _av, 339p.
_c20 cms.
942 _2ddc
_cEN
_h370.15
_mYOG
999 _c68053
_d68053